000 00574nam a2200205Ia 4500
005 20250923144236.0
008 008 250917s9999 xx 000 0 eng d
037 _aTextual
040 _aDSWL
_beng
_cDSWL
041 _aeng
_2eng
084 _aV5:1:N4, H4
_qDSWL
100 _aLittefield, H.W
_9822764
245 0 _aOutline of the history of europe 1815-1945
_cby H.W Littefield
260 _aNew York
_b Barnes
_c1944
300 _a301 p.
365 _aUSD
_b1
925 _g1
942 _cTEXL
_hV5:1:N4, H4
999 _c1436503
_d1436503